000 00671nam a2200181Ia 4500
008 090711s9999 xx 000 0 und d
082 _b864
100 _aनसरीन तसलिमा
245 _aनष्ट मेयेर नष्ट गद्य
260 _bमहेता पब्लिकेशन हाऊस
_c1999
300 _a189
600 _aनसरीन तसलिमा
630 _aनष्ट मेयेर नष्ट गद्य
700 _aनसरीन तसलिमा
700 _aगडकरी मgणालिनी
730 _aनष्ट मेयेर नष्ट गद्य
942 _cBOOK
999 _c335846
_d335846